University Home | Library Home | Institutional Repository

Concise chemical thermodynamics/ (Record no. 100783)

MARC details
000 -LEADER
fixed length control field 00565cam4a220019300 4500
001 - CONTROL NUMBER
control field zam00000661
008 - FIXED-LENGTH DATA ELEMENTS--GENERAL INFORMATION
fixed length control field 951128s1992 xx eng u
020 ## - INTERNATIONAL STANDARD BOOK NUMBER
International Standard Book Number 0412380404
035 ## - SYSTEM CONTROL NUMBER
System control number (Sirsi) 00915
035 ## - SYSTEM CONTROL NUMBER
System control number (MACHINE)00915
050 #0 - LIBRARY OF CONGRESS CALL NUMBER
Classification number QD 501WAR 1992
100 ## - MAIN ENTRY--PERSONAL NAME
Personal name Warn, John Richard William
245 10 - TITLE STATEMENT
Title Concise chemical thermodynamics/
Statement of responsibility, etc. John Richard William Warn
260 ## - PUBLICATION, DISTRIBUTION, ETC.
Place of publication, distribution, etc. London :
Name of publisher, distributor, etc. Chapman and Hall,
Date of publication, distribution, etc. 1992.
300 ## - PHYSICAL DESCRIPTION
Extent xi, 133p.
504 ## - BIBLIOGRAPHY, ETC. NOTE
Bibliography, etc. note Includes bibliographical references.
650 ## - SUBJECT ADDED ENTRY--TOPICAL TERM
Topical term or geographic name entry element Thermodynamics.
700 ## - ADDED ENTRY--PERSONAL NAME
Personal name J. R. W. Warn.

No items available.

© 2026 - The University of Zambia Library - Koha v25.11